000 00515nam a22002057a 4500
003 BD-DhUIB
005 20260202160804.0
008 260202b |||||||| |||| 00| 0 eng d
020 _a9781264704651
040 _aBD-DhUIB
_cBD-DhUIB
050 _a658.0072S185b
082 _222
100 _aSchindler, Pamela S.
_9207
245 _aBusiness research methods.
250 _a14th ed.
260 _aNew york.
_bMc Graw Hill.
_cc2022
300 _axxxi, 624p. :
_billus;
_c25cm.
526 _aBBA
942 _2ddc
_cBK
999 _c693
_d693